000 00428nam a22001697a 4500
003 NUST - PNEC
005 20170116180837.0
008 150810b xxu||||| |||| 00| 0 eng d
020 _a0521775388
040 _c0521775388
082 _a532.0527 MAT
100 _95028
_a Mathieu, Jean
245 _aAn introduction to turbulent flow
_c Jean, Mathieu
260 _cc 2000
650 _95029
_aTurbulence
_x-
942 _2ddc
_cBK
999 _c64242
_d64242